000 00551ntaaa2200205 4500
003 01
005 20251027202748.0
008 0714s1973 ag 01
040 _aAR-BaBN
_bspa
_cAR-BaBN
_eaacr
_dRIC
082 _a793.21 H83
100 _aHoward, Vernon
245 _a500 games for boys and girls /
_cVernon Howard
260 _aGrand Rapids :
_bZondervan,
_cc1962
300 _a92 p.
500 _a500 juegos para niƱos
500 _aBAJA PATRIMONIAL POR OBSOLESCENCIA 20190405
650 _aJuego
650 _aRecreacion
_918895
942 _cBK
999 _c22905
_d22905